Aplicación práctica del ISR y el IETU (Registro nro. 162471)
[ vista simple ]
| 000 -LEADER | |
|---|---|
| fixed length control field | 01052nam a22002417a 4500 |
| 007 - PHYSICAL DESCRIPTION FIXED FIELD--GENERAL INFORMATION | |
| fixed length control field | cr|||| |||| |
| 008 - FIXED-LENGTH DATA ELEMENTS--GENERAL INFORMATION | |
| fixed length control field | 130402e2011 mx |||||s|||| 00||0 spa d |
| 020 ## - INTERNATIONAL STANDARD BOOK NUMBER | |
| International Standard Book Number | 978-607-406-279-3 |
| 035 ## - | |
| -- | 10958 |
| 040 ## - CATALOGING SOURCE | |
| Original cataloging agency | vLex |
| 090 ## - | |
| -- | 4101 |
| -- | 4101 |
| 100 10 - MAIN ENTRY--PERSONAL NAME | |
| Personal name | Sánchez Miranda, Arnulfo |
| 245 10 - TITLE STATEMENT | |
| Title | Aplicación práctica del ISR y el IETU |
| Remainder of title | Personas Físicas |
| Statement of responsibility, etc | / Arnulfo Sánchez Miranda |
| Medium | [Recurso electrónico] |
| 256 ## - | |
| -- | Servicio en línea |
| 260 ## - PUBLICATION, DISTRIBUTION, ETC. (IMPRINT) | |
| Place of publication, distribution, etc | México D.F. : |
| Name of publisher, distributor, etc | Ediciones Fiscales ISEF, |
| Date of publication, distribution, etc | 2011 |
| 300 ## - PHYSICAL DESCRIPTION | |
| Extent | 1 Recurso electrónico |
| 506 ## - RESTRICTIONS ON ACCESS NOTE | |
| Terms governing access | Contenido solo disponible en los productos indicados |
| Authorized users | vLex Global |
| -- | vLex Global (Academic Edition, excluding Law Schools) |
| -- | vLex Global (U.S. Academic Edition, Law Schools) |
| -- | vLex Global (U.S. Academic Edition, excluding Law Schools) |
| -- | vLex Global (Academic Edition, Law Schools) |
| 650 04 - SUBJECT ADDED ENTRY--TOPICAL TERM | |
| Topical term or geographic name as entry element | Derecho tributario |
| Geographic subdivision | México |
| 740 ## - | |
| -- | vLex Libros (Servicio en línea) |
| 856 ## - LOCALIZACIÓN Y ACCESO ELECTRÓNICO | |
| Host name | Acceso restringido |
| Identificador Uniforme del Recurso (URI/URL) | http://www.vlex.com/source/10958 |
| 942 ## - | |
| -- | RAA |
| 999 ## - | |
| -- | 162471 |
| -- | 162471 |
No hay ítems disponibles.